|
|
|
|
| LEADER |
01167nam a2200229 a 4500 |
| 001 |
GR-MES1399 |
| 008 |
991111s1989 gr 000 0 gre d |
| 040 |
|
|
|a GrPaTEI
|b gre
|c GR-PaULI
|
| 245 |
0 |
0 |
|a Μισθωτή απασχόληση και συνδικαλισμός στην Ελλάδα.
|
| 260 |
|
|
|a Αθήνα :
|b Ιδρυμα μεσογμειακών μελετών,
|c 1989
|
| 300 |
|
|
|a 218σελ.
|
| 500 |
|
|
|a βιβλιογραφία:σελ(201-207)
|
| 650 |
|
4 |
|a ΑΠΑΣΧΟΛΗΣΗ
|
| 650 |
|
4 |
|a Ελλάδα
|
| 650 |
|
4 |
|a Συνδικαλισμός
|
| 700 |
1 |
|
|a Ιωάννου, Χρήστος
|
| 710 |
0 |
|
|a хΙδρυμα иμεσογμειακών μελετών
|
| 942 |
|
|
|2 ddc
|
| 952 |
|
|
|0 0
|1 0
|2 ddc
|4 0
|6 331_880000000000000_ΙΩΑ
|7 0
|9 265559
|a MSLG
|b MSLG
|c BSC
|d 2021-01-17
|e 24
|f 0
|g 0.00
|l 0
|o 331.88 ΙΩΑ
|p 2420000001382
|r 2021-01-17 00:00:00
|t 1
|w 2021-01-17
|y BK15
|x 19991111 0 1
|x GrPaTEI
|
| 952 |
|
|
|0 0
|1 0
|2 ddc
|4 0
|6 331_880000000000000_ΙΩΑ
|7 0
|9 265560
|a MSLG
|b MSLG
|c BSC
|d 2021-01-17
|e 24
|f 0
|g 0.00
|l 0
|o 331.88 ΙΩΑ
|p 2420000001409
|r 2021-01-17 00:00:00
|t 1
|w 2021-01-17
|y BK15
|x 19991111 0 1
|x GrPaTEI
|
| 971 |
|
|
|a .b25724411
|b 16-04-20
|c 13-09-16
|
| 999 |
|
|
|c 152652
|d 152652
|